000 00303nam a22001337a 4500
008 171023b xxu||||| |||| 00| 0 eng d
020 _a9780534554231
041 _aeng
080 _a311
100 _a55
101 _aSTA
245 _aRESEARCH METHODS AND STATISTICS
_cJACKSON,SH.L
942 _2udc
_cBK
999 _c35540
_d35540